Impact of educational tours on psychosocial competencies among university students/ (Record no. 1434882)

MARC details
000 -LEADER
fixed length control field 00822nam a22002297a 4500
003 - CONTROL NUMBER IDENTIFIER
control field OSt
005 - DATE AND TIME OF LATEST TRANSACTION
control field 20250826104618.0
008 - FIXED-LENGTH DATA ELEMENTS--GENERAL INFORMATION
fixed length control field 250826b |||||||| |||| 00| 0 eng d
037 ## - SOURCE OF ACQUISITION
Terms of availability Dissertation
040 ## - CATALOGING SOURCE
Original cataloging agency FEDL
Language of cataloging eng
Transcribing agency FEDL
041 ## - LANGUAGE CODE
Language code of text/sound track or separate title eng
Language code of original eng
082 ## - DEWEY DECIMAL CLASSIFICATION NUMBER
Classification number 370.193 TRI/DI
100 ## - MAIN ENTRY--PERSONAL NAME
Personal name Tripathi, Rishabh
9 (RLIN) 818861
110 ## - MAIN ENTRY--CORPORATE NAME
Corporate name or jurisdiction name as entry element University of Delhi. Department of Education
9 (RLIN) 818316
245 ## - TITLE STATEMENT
Title Impact of educational tours on psychosocial competencies among university students/
Statement of responsibility, etc. by Rishabh Tripathi; Ananthula Raghu. Supervisor
260 ## - PUBLICATION, DISTRIBUTION, ETC.
Name of publisher, distributor, etc. University of Delhi
Date of publication, distribution, etc. 2025
300 ## - PHYSICAL DESCRIPTION
Extent x, 106p.
650 ## - SUBJECT ADDED ENTRY--TOPICAL TERM
Topical term or geographic name entry element EDUCATION- UNIVERSITY STUDENTS RELATIONS
9 (RLIN) 818862
700 ## - ADDED ENTRY--PERSONAL NAME
Personal name Raghu, Ananthula. Supervisor
9 (RLIN) 818863
942 ## - ADDED ENTRY ELEMENTS (KOHA)
Source of classification or shelving scheme Dewey Decimal Classification
Koha item type Dissertations
Classification part 370.193 TRI/DI
Suppress in OPAC No
Holdings
Withdrawn status Lost status Source of classification or shelving scheme Damaged status Not for loan Collection Home library Current library Date acquired Total Checkouts Full call number Barcode Date last seen Price effective from Koha item type
    Dewey Decimal Classification     Reference Department of Education Library Department of Education Library 2025-08-26   370.193 TRI/DI EL0094418 2025-08-26 2025-08-26 Dissertations
Copyright @ Delhi University Library System